[Event "NOR-chB"]
[Site "Moss"]
[Date "2006.07.08"]
[Round "1"]
[White "Tandberg Hanssen, Oivind"]
[Black "Kristiansen, Oddvar"]
[Result "0-1"]
[WhiteElo "1404"]
[BlackElo "1284"]
[PlyCount "82"]
[EventDate "2006.07.08"]
[EventType "swiss"]
[EventRounds "9"]
[EventCountry "NOR"]
[SourceTitle "EXT 2007"]
[Source "ChessBase"]
[SourceDate "2006.11.23"]
[SourceVersion "1"]
[SourceVersionDate "2006.11.23"]
[SourceQuality "1"]

1. Nf3 Nf6 2. g3 g6 3. Bg2 Bg7 4. d3 c5 5. c4 Nc6 6. 0-0 0-0 7. Nc3 d6 8. h3 a6 9. e4 Rb8 10. Re1 Nd7 11. Be3 Nd4 12. Bxd4 cxd4 13. Ne2 Qb6 14. Rb1 Ra8 15. Qd2 Nb8 16. b4 Nc6 17. Rec1 e5 18. c5 Qd8 19. a4 h6 20. b5 axb5 21. axb5 Ne7 22. c6 bxc6 23. bxc6 Qc7 24. Qc2 Ba6 25. Nd2 Rfc8 26. Nc4 Qxc6 27. Rb6 Qc5 28. Qb3 Bxc4 29. Rxc4 Qa5 30. Rcb4 Nc6 31. R4b5 Qa2 32. Bf1 Qxb3 33. Rxb3 Bf8 34. Rb2 Nd8 35. f4 Ne6 36. h4 Nc5 37. Rd2 Ra3 38. Nc1 Nxe4 39. Rd1 Nxg3 40. Kf2 Nxf1 41. Kxf1 Ra1 0-1